MARC details
| 000 -CABECERA |
| campo de control de longitud fija |
01929ngm a22002897a 4500 |
| 005 - FECHA Y HORA DE LA ÚLTIMA TRANSACCIÓN |
| campo de control |
20160701142658.0 |
| 008 - DATOS DE LONGITUD FIJA--INFORMACIÓN GENERAL |
| campo de control de longitud fija |
160701t2005 mx 105|b |||| 00| vleng d |
| 050 04 - SIGNATURA TOPOGRÁFICA DE LA BIBLIOTECA DEL CONGRESO |
| Número de clasificación |
PN1998.3.B875 |
| Número de documento/Ítem |
J68 2005 |
| 245 03 - MENCIÓN DE TÍTULO |
| Título |
El joven manos de tijeras |
| Mención de responsabilidad, etc. |
Twentieth Century Fox ; director, Tim Burton ; escritora, Caroline Thompson ; productores, Denise Di Novi, Tim Burton. |
| Medio |
[videograbación] / |
| 260 ## - PUBLICACIÓN, DISTRIBUCIÓN, ETC. (PIE DE IMPRENTA) |
| Lugar de publicación, distribución, etc. |
México : |
| Nombre del editor, distribuidor, etc. |
Twentieth century fox home entertainment, |
| Fecha de publicación, distribución, etc. |
2005 |
| 300 ## - DESCRIPCIÓN FÍSICA |
| Extensión |
1 videodisco (105 min.) : |
| Otras características físicas |
sound, color, |
| Dimensiones |
4 3/4 plg. |
| 306 ## - TIEMPO DE REPRODUCCIÓN/DURACIÓN |
| Tiempo de reproducción/duración |
000105 |
| 500 ## - NOTA GENERAL |
| Nota general |
Originalmente lanzada como película cinematográfica en 1990. |
| 508 ## - NOTA DE CRÉDITOS DE CREACIÓN O PRODUCCIÓN |
| Nota de créditos de creación o producción |
Músico, Danny Elfman ; editor, Richard Halsey ; director de fotografía, Stefan Czapsky. |
| 511 1# - NOTA DE PARTICIPANTES O INTÉRPRETES |
| Nota de participantes o intérpretes |
Johnny Depp, Winona Ryder, Vincent Price, Dianne Wiest, Anthony Michael Hall, Kathy Baker, Robert Oliveri, Alan Arkin. |
| 520 ## - SUMARIO, ETC. |
| Sumario, etc. |
Había una vez en un gran castillo sobre una colina vivían un inventor su mayor creación fue llamada Edward. A pesar de que Edward tenía un encanto irresistible, no era del todo perfecto. la muerte súbita del inventor le dejó sin terminar, con unas tijeras afiladas de metal a las manos. Edward vivía solo en la oscuridad hasta que un día una señora lo llevó a casa para vivir con su familia. Así comenzó fantásticas aventuras de Edward en un paraíso en colores pastel conocido como Suburbia. |
| 521 ## - NOTA DE PÚBLICO DESTINATARIO |
| Nota de público destinatario |
PG-13 (Sugiere la compañía de un adulto para los menores de 13 años) |
| 538 ## - NOTA DE DETALLES DEL SISTEMA |
| Nota de detalles del sistema |
DVD, NTSC, versión 16:9, región 4. |
| 546 ## - NOTA DE LENGUA/LENGUAJE |
| Nota de lengua/lenguaje |
En inglés español y portugués con subtítulos en inglés español y portugués. |
| 650 04 - PUNTO DE ACCESO ADICIONAL DE MATERIA--TÉRMINO DE MATERIA |
| Término de materia o nombre geográfico como elemento inicial |
Inventores, |
| Subdivisión de forma |
Drama |
| 650 04 - PUNTO DE ACCESO ADICIONAL DE MATERIA--TÉRMINO DE MATERIA |
| Término de materia o nombre geográfico como elemento inicial |
Familias, |
| Subdivisión de forma |
Drama |
| 700 1# - PUNTO DE ACCESO ADICIONAL--NOMBRE DE PERSONA |
| Nombre de persona |
Burton, Tim, |
| Término indicativo de función/relación |
director, escritor y productor. |
| 700 1# - PUNTO DE ACCESO ADICIONAL--NOMBRE DE PERSONA |
| Nombre de persona |
Thompson, Caroline, |
| Término indicativo de función/relación |
escritora. |
| 700 1# - PUNTO DE ACCESO ADICIONAL--NOMBRE DE PERSONA |
| Nombre de persona |
Di Novi, Denise, |
| Término indicativo de función/relación |
productor |
| 710 2# - PUNTO DE ACCESO ADICIONAL--NOMBRE DE ENTIDAD CORPORATIVA |
| Nombre de entidad corporativa o nombre de jurisdicción como elemento de entrada |
Twentieth Century Home Entertainment, (México) |
| 942 ## - ELEMENTOS DE PUNTO DE ACCESO ADICIONAL (KOHA) |
| Fuente del sistema de clasificación o colocación |
Biblioteca del Cogreso de los Estados Unidos |
| Tipo de ítem Koha |
Película |